A history of India

Enregistré dans:
Détails bibliographiques
Auteur principal: Kulke, Hermann
Format: Livre
Langue:Undetermined
Publié: London Routledge 2004
Sujets:
Tags: Ajouter un tag
Pas de tags, Soyez le premier à ajouter un tag!
Thư viện lưu trữ: Trung tâm Học liệu Trường Đại học Cần Thơ
LEADER 00510nam a2200205Ia 4500
001 CTU_93236
008 210402s9999 xx 000 0 und d
020 |c 38.73 
082 |a 954 
082 |b K96 
100 |a Kulke, Hermann 
245 2 |a A history of India 
245 0 |c Hermann Kulke, Dietmar Rothermund 
260 |a London 
260 |b Routledge 
260 |c 2004 
650 |a India 
650 |x History 
904 |i Tuyến,Hải 
980 |a Trung tâm Học liệu Trường Đại học Cần Thơ